| 000 | 00751nam a22002297a 4500 | ||
|---|---|---|---|
| 999 |
_c1193 _d1193 |
||
| 001 | 1193 | ||
| 003 | BD-JhCC | ||
| 005 | 20171016173040.0 | ||
| 008 | 171016s2006 bg ao||| |||| 000 0 ben d | ||
| 020 | _a9844651093 | ||
| 035 | _a(BD-JhCC)1193 | ||
| 040 |
_aBD-JhCC _dBD-JhCC |
||
| 041 | _aben | ||
| 082 |
_a891.4409 _bMAH 2006 |
||
| 100 | _aমাহমুদ, মাসুদ | ||
| 245 |
_aবিশ্বের শ্রেষ্ঠ দশ রসস্রষ্টা / _cমাসুদ মাহমুদ |
||
| 260 |
_aঢাকা: _bসাহিত্য প্রকাশ, _c২০০৬. |
||
| 300 |
_a৯৫ পৃ. : _bill. ; _c২২ সেমি. |
||
| 650 | _aBengali Liturature | ||
| 942 |
_2ddc _cBK |
||